Quantitative Analysis for Management (Record no. 11922)

MARC details
000 -LEADER
fixed length control field 00535nam a22002177a 4500
003 - CONTROL NUMBER IDENTIFIER
control field OSt
008 - FIXED-LENGTH DATA ELEMENTS--GENERAL INFORMATION
fixed length control field 230403b |||||||| |||| 00| 0 eng d
020 ## - INTERNATIONAL STANDARD BOOK NUMBER
International Standard Book Number 9789332568853
082 ## - DEWEY DECIMAL CLASSIFICATION NUMBER
Classification number 658.4 REQ
100 ## - MAIN ENTRY--PERSONAL NAME
Personal name RENDER,Barry
245 ## - TITLE STATEMENT
Title Quantitative Analysis for Management
250 ## - EDITION STATEMENT
Edition statement 12th Ed
260 ## - PUBLICATION, DISTRIBUTION, ETC. (IMPRINT)
Place of publication, distribution, etc UP
Name of publisher, distributor, etc Pearson
Date of publication, distribution, etc 2022
300 ## - PHYSICAL DESCRIPTION
Extent 621
650 ## - SUBJECT ADDED ENTRY--TOPICAL TERM
Topical term or geographic name as entry element Quantitative Analysis for Management
700 ## - ADDED ENTRY--PERSONAL NAME
Personal name STAIR,Ralph M
700 ## - ADDED ENTRY--PERSONAL NAME
Personal name HANNA,Michael F
700 ## - ADDED ENTRY--PERSONAL NAME
Personal name HALE,Trevor S
700 ## - ADDED ENTRY--PERSONAL NAME
Personal name BADRI,TN
942 ## - ADDED ENTRY ELEMENTS (KOHA)
Source of classification or shelving scheme Dewey Decimal Classification
Koha item type Reference Books
Holdings
Withdrawn status Lost status Source of classification or shelving scheme Damaged status Not for loan Collection code Home library Current library Date acquired Source of acquisition Currency Cost, normal purchase price Bill Number Total Checkouts Full call number Acc. no. / Barcode Date last seen Actual Cost, discounted price Bill Date Koha item type
    Dewey Decimal Classification     MBA PIET C-LIBRARY PIET C-LIBRARY 15/04/2023 International Book Centre IN RUPEES 799.00 IB/IN/1299   658.403 REQ 34770 03/04/2023 559.30 15/03/2023 Reference Books

Design & Developed by: PIET Central Library
R70 Miles Stone Pattikalyana Samalkha Panipat 132102
mail ID :- [email protected], Phone No:- 0180-2569700 Ex.216